000 00422nam a22001577a 4500
005 20250117130353.0
008 250117b |||||||| |||| 00| 0 eng d
020 _a9781844740949
050 _aREF1205.55 DIC
_b1
100 _aArnold, T Bill ed.
245 _aDictionary of old historical books
260 _aIllinois
_bInterVarsity press
_c2005c
300 _axx,1060p
700 _aWilliamson,H.G.M
942 _2lcc
_cBK
_n0
999 _c2630
_d2630